Datum a čas kvízu

30.5 Celkem bodů Celkový počet nahraných bodů na tomto kvízu bez doplňovacích otázek.
3. Pořadí na kvízu Konečné umístění týmu na tomto kvízu.

Zaznamenané odpovědi

# Otázka Odpověď Body Výsledky
1. Okresní soud ve Znojmě propust... Pandur 0
2. Slavná britská kapela vydala v... Coldplay 1
3. Sedmadvacetiletý Japonec Tetsu... Majitel vysílá pobyt svých hostů na Youtube 1
4. Philip Williams žaluje řetězec... Jde o veganský burger, který podle Američana byl ovšem připravován na stejném grilu, kde Burger king připravuje klasické mleté hovězí burgery 0
5. Brankářská jednička české hoke... Patrik Bartošák 1
6. Na začátku filmu sedí rodina D... Protože v neděli nechodí pošta. 1
7. Jaké číslo má trezor, ze které... B 1
8. "Neviděli jste tu někde žábu?... Neville 1
9. Za kterou barvu hrají Harry, R... Hrají za černou, Rona vezme bílá dáma. 0
10. Celkem kolik bodů udělí Brumbá... 170 bodů 0